00656cam a22002053a 45000010005000000030006000050050017000110080041000280400015000690420007000840500006000911000048000972450131001452600029002765060030003055160020003356530026003558300028003818560041004094390PGUSA20140828083053.0030801s2003||||xxu|||||s|||||000 | eng d aPGUSAbeng adc 4aN1 aTarbell, F. B.q(Frank Bigelow),d1853-192012aA History of Greek Art :bWith an Introductory Chapter on Art in Egypt and Mesopotamiah[electronic resource] /cF. B. Tarbell bProject Gutenberg,c2003 aPublic domain in the USA. aElectronic text aArt, Greek -- History 0aProject Gutenbergv439040uhttp://www.gutenberg.org/ebooks/4390